000 00281nam a2200121Ia 4500
008 190216s9999||||xx |||||||||||||| ||und||
100 _aVenetsky S
245 0 _aOn Rare And Scattered Metals
260 _bMir Publishers
_c1983
300 _a151p
650 _aPhysics
942 _cBK
999 _c33196
_d33196